| 000 | 01107nam0a2200313 4500 | ||
|---|---|---|---|
| 001 | RU\NLR\ONL2\23813 | ||
| 005 | 20250613224100.0 | ||
| 010 |
_a978-5-7696-3606-6 _99000 |
||
| 035 | _a(NLR Aleph) 010210771 | ||
| 090 |
_a10273453 _c10273453 |
||
| 100 | _a20120706d2011 |||y0rusy50 ca | ||
| 101 | 0 | _asah | |
| 102 | _aRU | ||
| 105 | _aa ||||||||| | ||
| 200 | 1 |
_aЭн куннээги олоххор... _eмодельер субэлэрэ _fС. П. Чоросова |
|
| 210 |
_aДьокуускай _cБичик _d2011 |
||
| 215 |
_a45 с. _cил. _d29 _eВыкройка (1 л. в 4 сложения) |
||
| 225 | 1 | _aИис-уус алыба | |
| 541 | 1 |
_aМода на каждый день _eсоветы модельера _zrus |
|
| 606 | 0 |
_aОдежда _xМоделирование _91141776 _3RU\NLR\auth\66454621 |
|
| 686 | 1 | _aМ4-2 | |
| 700 | 1 |
_aЧоросова _bС. П. _gСветлана Петровна _4070 |
|
| 801 | 0 |
_aRU _bNLR _c20120706 _gPSBO |
|
| 852 |
_aNLR _bОНЛ _jЯкут./5-91 |
||
| 942 | _cBOOK | ||
| 980 | _aNB | ||
| 980 | _aONL_RF | ||